BIBLIOTECA

SENCICO

Living in Bali (Registro nro. 3744)

Detalles MARC
000 -LEADER
fixed length control field 00813nam a22002537a 4500
003 - CONTROL NUMBER IDENTIFIER
control field PE SENCICO BE
005 - DATE AND TIME OF LATEST TRANSACTION
control field 20251020182624.0
008 - FIXED-LENGTH DATA ELEMENTS--GENERAL INFORMATION
fixed length control field 230104b |||||||| |||| 00| 0 eng d
020 ## - INTERNATIONAL STANDARD BOOK NUMBER
International Standard Book Number 978-3-8365-6690-2
040 ## - CATALOGING SOURCE
Original cataloging agency PE SENCICO BE
Transcribing agency PE SENCICO BE
041 ## - LANGUAGE CODE
Language code of text/sound track or separate title spa
082 ## - DEWEY DECIMAL CLASSIFICATION NUMBER
Classification number 720.915
Item number L
245 1# - TITLE STATEMENT
Title Living in Bali
260 ## - PUBLICATION, DISTRIBUTION, ETC.
Place of publication, distribution, etc. Koln:
Name of publisher, distributor, etc. Taschen, Biblioteca Universalis,
Date of publication, distribution, etc. 2018
300 ## - PHYSICAL DESCRIPTION
Extent 458, [14] p.
Other physical details il., lams. col.;
Dimensions 20 cm.
650 14 - SUBJECT ADDED ENTRY--TOPICAL TERM
9 (RLIN) 49
Topical term or geographic name entry element Arquitectura
Geographic subdivision Indonesia
650 24 - SUBJECT ADDED ENTRY--TOPICAL TERM
9 (RLIN) 77
Topical term or geographic name entry element Viviendas
Geographic subdivision Indonesia
650 24 - SUBJECT ADDED ENTRY--TOPICAL TERM
9 (RLIN) 280
Topical term or geographic name entry element Arquitectura sostenible
Geographic subdivision Indonesia
650 20 - SUBJECT ADDED ENTRY--TOPICAL TERM
9 (RLIN) 327
Topical term or geographic name entry element Construcciones de madera
Geographic subdivision Indonesia
700 1# - ADDED ENTRY--PERSONAL NAME
9 (RLIN) 395
Personal name Guntli, Reto
Relator term fotógrafo
700 1# - ADDED ENTRY--PERSONAL NAME
9 (RLIN) 394
Personal name Taschen, Angelika
Relator term editor
910 ## - USER-OPTION DATA (OCLC)
-- hfp
-- hfp
942 ## - ADDED ENTRY ELEMENTS (KOHA)
Source of classification or shelving scheme Dewey Decimal Classification
Koha item type Libros
Classification part 720.915
Item part L
Existencias
Fecha de la última vez que lo usaron Número de ingreso o de inventario Pago total Signatura topográfica completa Precio efectivo desde Tipo de documento Estado perdido Sistema de clasificación Estado dañado No es para préstamo Retirado Ubicación permanente Ubicación actual Fecha de adquisición
04/01/2023 16580   720.915/L 04/01/2023 Libros   Dewey Decimal Classification       Biblioteca Central Lima Biblioteca Central Lima 04/01/2023